| 000 | 00729pam a2200253 a 4500 | ||
|---|---|---|---|
| 005 | 20250217031732.0 | ||
| 008 | 890327s1989 nyua b 001 0 eng | ||
| 010 | _a 89032357 | ||
| 020 | _a0688077935 | ||
| 040 |
_aDLC _cDLC _dDLC |
||
| 043 | _ae-fr--- | ||
| 050 | 0 | 0 |
_aD756.5.D8 _bG44 1989 |
| 082 | 0 | 0 |
_a940.53 _220 |
| 100 | 1 | _aGelb, Norman. | |
| 245 | 1 | 0 |
_aDunkirk : _bthe complete story of the first step in the defeat of Hitler / _cNorman Gelb. |
| 250 | _a1st ed. | ||
| 260 |
_aNew York : _bMorrow, _cc1989. |
||
| 300 |
_a352 p. : _bill. ; _c24 cm. |
||
| 504 | _aBibliography: p. [321]-342. | ||
| 500 | _aIncludes index. | ||
| 650 | 0 | _aDunkirk, Battle of, Dunkerque, France, 1940. | |
| 942 | _cBK | ||
| 997 | _akah | ||
| 999 |
_c51174 _d51174 |
||